Animals in Spanish - Statistics

General Stats
  • This quiz has been taken 149 times
  • The average score is 19 of 24
Answer Stats
Spanish Answer % Correct
Gato Cat
100%
Serpiente Snake
100%
Elefante Elephant
98%
León Lion
98%
Tigre Tiger
98%
Perro Dog
95%
Tortuga Turtle
93%
Jirafa Giraffe
90%
Pingüino Penguin
90%
Ratón Rat
86%
Vaca Cow
83%
Toro Bull
81%
Burro Donkey
76%
Caballo Horse
76%
Pájaro Bird
71%
Pez Fish
71%
Canguro Kangaroo
71%
Oso Bear
69%
Araña Spider
67%
Mono Monkey
62%
Oveja Sheep
57%
Cerdo Pig
52%
Zorro Fox
50%
Conejo Rabbit
40%
No matching quizzes found
Score Distribution
Percent of People with Each Score
Percentile by Number Answered
Your Score History
You have not taken this quiz